|
|
|
|
| LEADER |
00000nam a22000007a 4500 |
| 005 |
20120629141736.0 |
| 007 |
cr|||| |||| |
| 008 |
120629s2011 sp |||||s|||| 00||0 spa d |
| 020 |
|
|
|a 978-84-15454-95-3
|
| 035 |
|
|
|a 6323
|
| 040 |
|
|
|a vLex
|
| 090 |
|
|
|c 3251
|d 3251
|
| 100 |
1 |
|
|a Carmona Luque, Mara̕ del Rosario
|
| 245 |
1 |
3 |
|a La Convencin̤ sobre los Derechos del niǫ
|h [Recurso electrn̤ico] :
|b Instrumento de progresividad en el Derecho Internacional de los Derechos Humanos /
|c Mara̕ del Rosario Carmona Luque
|
| 256 |
|
|
|a Servicio en ln̕ea
|
| 260 |
|
|
|a Madrid :
|b Dykinson,
|c 2011
|
| 300 |
|
|
|a 1 recurso electrn̤ico
|
| 506 |
1 |
|
|a Contenido solo disponible en los productos indicados
|d vLex Global
|d vLex Global (Academic Edition, excluding Law Schools)
|d vLex Global (U.S. Academic Edition, Law Schools)
|d vLex Global (U.S. Academic Edition, excluding Law Schools)
|d vLex Global (Academic Edition, Law Schools)
|
| 650 |
0 |
4 |
|a Derecho de los niǫs
|
| 650 |
0 |
4 |
|a Derechos humanos
|
| 740 |
0 |
|
|a vLex Libros (Servicio en ln̕ea)
|
| 856 |
4 |
0 |
|u http://vlex.com/source/convencion-derechos-ni-o-instrumento-progresividad-derecho-internacional-derechos-humanos-6323
|z Acceso restringido
|
| 942 |
|
|
|c BOOK
|
| 999 |
0 |
|
|a Children's rights
|